<?xml version="1.0" encoding="UTF-8"?>
<collection xmlns="http://www.loc.gov/MARC21/slim">
<record>
  <controlfield tag="001">1882</controlfield>
  <controlfield tag="005">20160701171654.0</controlfield>
  <datafield tag="037" ind1=" " ind2=" ">
    <subfield code="a">ASTROimport-39</subfield>
  </datafield>
  <datafield tag="100" ind1=" " ind2=" ">
    <subfield code="a">Schoenfeld, W. G.</subfield>
  </datafield>
  <datafield tag="260" ind1=" " ind2=" ">
    <subfield code="c">1995</subfield>
  </datafield>
  <datafield tag="245" ind1=" " ind2=" ">
    <subfield code="a">High excitation Rydberg levels of Fe I from the ATMOS solar spectrum at 2.5 and 7 µm.</subfield>
  </datafield>
  <datafield tag="520" ind1=" " ind2=" ">
    <subfield code="a">The quadrupole-polarization theory has been applied to the 3d^6^4s(^6^D)4f and 5g subconfigurations of Fe I by a parametric fit, and the fitted parameters are used to predict levels in the 6g and 6h subconfigurations. Using the predicted values, we have computed the 4f-6g and 5g-6h transition arrays and made identifications in the ATMOS infrared solar spectrum. The newly identified 6g and 6h levels, based on ATMOS wavenumbers, are combined with the 5g levels and found to agree with the theoretical values with a root mean-squared-deviation of 0.042cm^-1^. Our approach yields a polarizability of 28.07 a_o_^3^and a quadrupole moment of 0.4360+/-0.0010ea_o_^2^for Fe II, as well as an improved ionization potential of 63737.700+/-0.010cm^-1^ for Fe I. </subfield>
  </datafield>
  <datafield tag="700" ind1=" " ind2=" ">
    <subfield code="a"> Chang, E. S.</subfield>
  </datafield>
  <datafield tag="700" ind1=" " ind2=" ">
    <subfield code="a"> Geller, M.</subfield>
  </datafield>
  <datafield tag="700" ind1=" " ind2=" ">
    <subfield code="a"> Johansson, S.</subfield>
  </datafield>
  <datafield tag="700" ind1=" " ind2=" ">
    <subfield code="a"> Nave, G.</subfield>
  </datafield>
  <datafield tag="700" ind1=" " ind2=" ">
    <subfield code="a"> Sauval, A. J.</subfield>
  </datafield>
  <datafield tag="700" ind1=" " ind2=" ">
    <subfield code="a"> Grevesse, N.</subfield>
  </datafield>
  <datafield tag="773" ind1=" " ind2=" ">
    <subfield code="p">Astronomy and Astrophysics</subfield>
    <subfield code="v">301</subfield>
    <subfield code="y">1995</subfield>
    <subfield code="c">593</subfield>
  </datafield>
  <datafield tag="856" ind1="4" ind2="2">
    <subfield code="a">http://esoads.eso.org/abs/1995A%26A...301..593S</subfield>
  </datafield>
  <datafield tag="905" ind1=" " ind2=" ">
    <subfield code="a">published in</subfield>
  </datafield>
  <datafield tag="980" ind1=" " ind2=" ">
    <subfield code="a">REFERD</subfield>
  </datafield>
</record>
</collection>